000 00459nam a2200181Ia 4500
008 230125s9999 xx 000 0 und d
041 _aeng
082 _a823
_bTAG
100 _aTagore R
_9112636
245 _aSelected short stories
260 _c2000
_bPenguin books
_aNew Delhi
300 _a322p
500 _aEnglish Literature;Literature
650 _aEnglish Literature
700 _aTagore R
_9112636
906 _b38
999 _c89625
_d89625